Samaan Nagrik Sanhita (Record no. 1848322)

MARC details
000 -LEADER
fixed length control field 00505nam a22001937a 4500
005 - DATE AND TIME OF LATEST TRANSACTION
control field 20260420150019.0
008 - FIXED-LENGTH DATA ELEMENTS--GENERAL INFORMATION
fixed length control field 260420b |||||||| |||| 00| 0 eng d
020 ## - INTERNATIONAL STANDARD BOOK NUMBER
International Standard Book Number 9789389742305
040 ## - CATALOGING SOURCE
Transcribing agency FLL
041 ## - LANGUAGE CODE
Source of code hn
084 ## - COLON CLASSIFICATION NUMBER
Classification number Z2,801 Q9
100 ## - MAIN ENTRY--PERSONAL NAME
Personal name Baranwal, Anoop
245 ## - TITLE STATEMENT
Title Samaan Nagrik Sanhita
Remainder of title :Chunautiya aur Samadhan
250 ## - EDITION STATEMENT
Edition statement 1st.
260 ## - PUBLICATION, DISTRIBUTION, ETC.
Place of publication, distribution, etc. New Delhi
Name of publisher, distributor, etc. Lokbharti Prakashan
Date of publication, distribution, etc. 2019
300 ## - PHYSICAL DESCRIPTION
Extent 356p
Other physical details Pb
650 ## - SUBJECT ADDED ENTRY--TOPICAL TERM
Topical term or geographic name entry element Civil Procedure
942 ## - ADDED ENTRY ELEMENTS (KOHA)
Source of classification or shelving scheme Colon Classification (CC)
Koha item type Textual
100 ## - MAIN ENTRY--PERSONAL NAME
-- 1111398
650 ## - SUBJECT ADDED ENTRY--TOPICAL TERM
-- 681550
999 ## -
-- 1848322
-- 1848322
Holdings
Withdrawn status Lost status Source of classification or shelving scheme Damaged status Not for loan Home library Current library Date acquired Source of acquisition Inventory number Total checkouts Full call number Barcode Date last seen Copy number Price effective from Koha item type
    Colon Classification (CC)     Faculty of Law Library Faculty of Law Library 2025-12-23 Hindi Book Centre HBC/HB4683 23/12/2025   Z2,801 Q9 LL1943404 2026-04-20 1 2026-04-20 Textual
    Colon Classification (CC)     Faculty of Law Library Faculty of Law Library 2025-12-23 Hindi Book Centre HBC/HB4683 23/12/2025   Z2,801 Q9 LL1943405 2026-04-20 2 2026-04-20 Textual
    Colon Classification (CC)     Faculty of Law Library Faculty of Law Library 2025-12-23 Hindi Book Centre HBC/HB4683 23/12/2025   Z2,801 Q9 LL1943406 2026-04-20 3 2026-04-20 Textual
    Colon Classification (CC)     Faculty of Law Library Faculty of Law Library 2025-12-23 Hindi Book Centre HBC/HB4683 23/12/2025   Z2,801 Q9 LL1943407 2026-04-20 4 2026-04-20 Textual
    Colon Classification (CC)     Faculty of Law Library Faculty of Law Library 2025-12-23 Hindi Book Centre HBC/HB4683 23/12/2025   Z2,801 Q9 LL1943408 2026-04-20 5 2026-04-20 Textual
    Colon Classification (CC)     Faculty of Law Library Faculty of Law Library 2025-12-23 Hindi Book Centre HBC/HB4683 23/12/2025   Z2,801 Q9 LL1943409 2026-04-20 6 2026-04-20 Textual
    Colon Classification (CC)     Faculty of Law Library Faculty of Law Library 2025-12-23 Hindi Book Centre HBC/HB4683 23/12/2025   Z2,801 Q9 LL1943410 2026-04-20 7 2026-04-20 Textual
    Colon Classification (CC)     Faculty of Law Library Faculty of Law Library 2025-12-23 Hindi Book Centre HBC/HB4683 23/12/2025   Z2,801 Q9 LL1943411 2026-04-20 8 2026-04-20 Textual
    Colon Classification (CC)     Faculty of Law Library Faculty of Law Library 2025-12-23 Hindi Book Centre HBC/HB4683 23/12/2025   Z2,801 Q9 LL1943412 2026-04-20 9 2026-04-20 Textual
    Colon Classification (CC)     Faculty of Law Library Faculty of Law Library 2025-12-23 Hindi Book Centre HBC/HB4683 23/12/2025   Z2,801 Q9 LL1943413 2026-04-20 10 2026-04-20 Textual
    Colon Classification (CC)     Faculty of Law Library Faculty of Law Library 2025-12-23 Hindi Book Centre HBC/HB4683 23/12/2025   Z2,801 Q9 LL1943414 2026-04-20 11 2026-04-20 Textual
    Colon Classification (CC)     Faculty of Law Library Faculty of Law Library 2025-12-23 Hindi Book Centre HBC/HB4683 23/12/2025   Z2,801 Q9 LL1943415 2026-04-20 12 2026-04-20 Textual
    Colon Classification (CC)     Faculty of Law Library Faculty of Law Library 2025-12-23 Hindi Book Centre HBC/HB4683 23/12/2025   Z2,801 Q9 LL1943416 2026-04-20 13 2026-04-20 Textual
    Colon Classification (CC)     Faculty of Law Library Faculty of Law Library 2025-12-23 Hindi Book Centre HBC/HB4683 23/12/2025   Z2,801 Q9 LL1943417 2026-04-20 14 2026-04-20 Textual
    Colon Classification (CC)     Faculty of Law Library Faculty of Law Library 2025-12-23 Hindi Book Centre HBC/HB4683 23/12/2025   Z2,801 Q9 LL1943418 2026-04-20 15 2026-04-20 Textual
Copyright @ Delhi University Library System